000 00539nam a2200217 a 4500
999 _c4506
_d4506
001 4506
003 BD-JhCC
005 20171128140406.0
008 171127s1965 bg |||| ||a| 000 0 eng d
035 _a(BD-JhCC)4506
040 _aBD-JhCC
_dBD-JhCC
041 _aeng
082 _a297.822
_bRAH 1965
100 _aRahman, H
245 _aEssentials of Islamic History /
_cH. Rahman
260 _aDacca :
_bIdeal Publications,
_c1965.
300 _a303 p. :
_c22 cm.
650 _aIslamic History
942 _2ddc
_cBK